|
|
|
|
| LEADER |
00000nam a2200000 a 4500 |
| 001 |
UCJ2527 |
| 003 |
CL-VaPUC |
| 008 |
061222e20020000SP |||||||||||||||||spa|d |
| 020 |
|
|
|a 8434442604
|
| 082 |
0 |
4 |
|a 375
|b ESC
|2 21
|
| 100 |
0 |
|
|a Escudero Muñoz, Juan M
|e author
|9 503489
|
| 245 |
1 |
3 |
|a La reforma de la reforma: ¿qué calidad, para quiénes?
|
| 250 |
|
|
|a 1a. ed
|
| 300 |
|
|
|a 281 p
|
| 942 |
|
|
|c BK
|
| 945 |
|
|
|d 20061222 00:00:00
|a jtorresc
|
| 260 |
|
|
|a Barcelona
|b Ariel
|c 2002
|
| 650 |
|
0 |
|a Reforma educacional
|9 256319
|
| 650 |
|
7 |
|a SISTEMA EDUCACIONAL
|2 CL-VaPUC
|9 339433
|
| 650 |
|
0 |
|a Educación preescolar
|9 260381
|
| 650 |
|
0 |
|a Planificación del currículo
|9 269599
|
| 583 |
|
|
|a last modification
|c 20160914 10:11:02
|k Rodrigo Vera
|
| 999 |
|
|
|c 318760
|d 318758
|
| 952 |
|
|
|0 0
|1 0
|4 0
|6 375_000000000000000_ESC_2002
|7 0
|8 A
|9 396821
|a BIBEDU
|b BIBEDU
|d 2019-11-22
|i 4308263
|o 375 ESC 2002
|p 4308263
|r 2019-11-22
|w 2019-11-22
|y BK
|k EBA
|
| 952 |
|
|
|0 0
|1 0
|4 0
|6 375_000000000000000_ESC_2002
|7 0
|8 A
|9 396822
|a BIBEDU
|b BIBEDU
|d 2019-11-22
|i 4337263
|o 375 ESC 2002
|p 4337263
|r 2019-11-22
|w 2019-11-22
|y BK
|k EDI
|